000 00433nam a2200181Ia 4500
008 230524s9999 xx 000 0 und d
020 _a8129702517
082 _a414
_bLEE
100 _aGeoffrely Leech
245 2 _aA Communicative Grammar of English
250 _a3RD
260 _aNEW DELHI
_bPearson
_c2004
300 _aXIV;419
500 _aQuantity Number: 100
650 _aEnglish
700 _a Jan Svartvik
942 _cBK
999 _c36
_d36